书目信息 |
| 书名: | Fundamental place-name geography | |
| 作者: | Robert Fuson. | |
| 分册号: | ||
| 分册名: | 出版地: | Boston, Mass. : |
|
| 出版社: | WCB/McGraw-Hill | |
| 出版时间: | c1999. | |
| 页数: | ix, 149 p. : | |
| 开本: | 28 cm. | |
| 丛书名: | ||
| 中图分类号: | ||
| 科图分类号: | ||
| 其他分类号: | K90 | |
| 主题词: | ||
| 电子资源: | http://www.loc.gov/catdir/toc/mh021/00266057.html http://www.loc.gov/catdir/description/mh021/00266057.html | |
| 000 | 01058cam a22002894a 450 | |
| 001 | E0755022406 | |
| 005 | 20070320151844.28 | |
| 008 | 000601s1999 maub 000 0 eng | |
| 010 | @a00266057 | |
| 020 | @a0697377946. | |
| 040 | @aDLC@cDLC@dDLC | |
| 042 | @apcc | |
| 050 | 00 | @aG129@b.F9 1999 |
| 082 | 00 | @a910/.014@2 21 |
| 090 | @aK90 | |
| 099 | @dK90@ex16=9 | |
| 100 | 1 | @aFuson, Robert Henderson. |
| 245 | 10 | @aFundamental place-name geography / @cRobert Fuson. |
| 250 | @a9th ed. | |
| 260 | @aBoston, Mass. :@bWCB/McGraw-Hill,@cc1999. | |
| 300 | @aix, 149 p. :@bmaps ;@c28 cm. | |
| 650 | 0 | @aNames, Geographical@vOutlines, syllabi, etc. |
| 856 | 41 | @3 Table of contents@uhttp://www.loc.gov/catdir/toc/mh021/00266057.html |
| 856 | 42 | @3 Publisher description@uhttp://www.loc.gov/catdir/description/mh021/00266057.html |
| 906 | @a7@bcbc@corignew@d2@encip@f20@gy-gencatlg | |
| 925 | 0 | @aacquire@b2 shelf copies@xpolicy default |
| 955 | @ato ASCD pb05 06-01-00; jb00 06-05-00; jb11 08-09-00; jb10 09-01-00; jb01 to dewey 09-08-00;aa03 9-18-00 | |
| Fundamental place-name geography / / Robert Fuson.-9th ed.-Boston, Mass. : : WCB/McGraw-Hill, , c1999. |
| ix, 149 p. : : maps ; ; 28 cm. |
| ISBN 0697377946. |
| ● |
| 相关链接 |
|
|
|
|
正题名:Fundamental place-name geography
索取号:K90/x16=9
 
预约/预借
| 序号 | 登录号 | 条形码 | 馆藏地/架位号 | 状态 | 备注 |
| 1 | 0003190 | 300031908 | 第二样本阅览室/ [索取号:K90/x16=9] | 在馆 | |
| 2 | 0003191 | 300031917 | 第四借阅区/ [索取号:K90/x16=9] | 在馆 | |
| 3 | 0003192 | 300031926 | 第四借阅区/ [索取号:K90/x16=9] | 在馆 |